000 00917nam a22002417a 4500
005 20240214165342.0
010 _aENG-139198 ENG-139240
020 _c499.00
_a9789356064317
035 _aEN-122730
035 _aEN-122772
037 _bDBAD/PUB
082 _a658.150285
_21
100 _aSchniederjans, Marc J
_962082
245 _aBusiness Analytics/
_cBy Marc J Schniederjans; Dara G. Schniederjans and Christopher M. Starkey
250 _a1
260 _aUttar Pradesh
_bPearson India Education Pvt Ltd
_c2022
270 _bUttar Pradesh
_a15th FLoor, Tower-B, World Trade Tower, Plot No.1, Block- C, Sector-16, Noida
_e201301
300 _axviii,350p.
_c23cm(pb)
_bIndex
500 _aPrinciples, Concepts, and Applications What, Why and How
700 _aSchniederjans, Dara G.
_961814
_eAuthor
700 _aStarkey, Christopher M.
_961887
942 _2ddc
_cEN
_h658.150285
_mSCH
_e1
999 _c200648
_d200648